Counties of Ireland - Statistics

General Stats
  • This quiz has been taken 27 times
  • The average score is 17 of 31
Answer Stats
Answer % Correct
Cork
96%
Dublin
83%
Derry
74%
Donegal
74%
Galway
74%
Kerry
74%
Antrim
70%
Clare
65%
Fermanagh
65%
Tyrone
65%
Waterford
65%
Wexford
61%
Kilkenny
57%
Limerick
57%
Sligo
57%
Down
52%
Meath
52%
Westmeath
52%
Wicklow
52%
Armagh
48%
Leitrim
48%
Roscommon
48%
Tipperary
48%
Louth
43%
Mayo
43%
Monaghan
43%
Laois
39%
Offaly
39%
Carlow
30%
Cavan
30%
Longford
30%
No matching quizzes found
Score Distribution
Percent of People with Each Score
Percentile by Number Answered
Your Score History
You have not taken this quiz